000 00653nam a2200217Ii 4500
003 JO-AjNU
008 230605s9999||||xx |||||||||||||| ||und||
017 _a2000/5/1626
040 _aJO-AjNU
_bara
_erda
_cJO-AjNU
041 _aara
050 1 4 _aPJ7840.A558.A89 2001
100 3 _aتأليف الجمزاوي،نهلة,
_eauthor
_910040
245 0 0 _aالعربة
250 _aط1
264 3 1 _aعمان:دار الفارس للنشر والتوزيع،2001
300 _a99ص
336 _atext
_btxt
_2rdacontent
337 _aunmediated
_bn
_2rdamedia
338 _avolume
_bnc
_2rdacarrier
650 4 _aالأدب العربي - قصص
_910041
999 _aA1606
_c5174
_d5174